[Event "RACC RR"]
[Site "Ottawa"]
[Date "2017.04.13"]
[Round "5"]
[White "Upper, John"]
[Black "Zhou, Qiyu"]
[Result "1-0"]
[WhiteElo "2142"]
[BlackElo "2331"]
[Annotator "John Upper"]
[PlyCount "81"]
[EventType "tourn"]
[EventRounds "5"]
[EventCountry "CAN"]
[SourceTitle "Chess Canada Tactiosauru"]
[Source "CFC/John Upper"]
[SourceDate "2023.03.11"]
[SourceVersion "1"]
[SourceVersionDate "2023.03.11"]
[SourceQuality "1"]

{[%evp 0,81,24,-11,-18,-15,-15,-23,46,50,58,47,43,45,42,-6,48,69,78,71,79,67,
62,67,67,48,40,61,48,24,49,47,26,17,36,-35,-90,-57,-11,-26,0,-22,6,-23,55,9,26,
19,10,0,43,4,31,2,46,-9,38,18,85,80,56,55,288,292,378,60,99,69,253,290,415,440,
444,173,281,150,213,307,162,198,198,97,446,449]} 1. c4 e5 2. Nc3 Nc6 3. e3 Bc5
4. Nf3 d6 5. d4 exd4 6. exd4 Bb6 7. b4 a5 8. b5 Nce7 9. Na4 Ba7 10. Bb2 $6 Nf6
11. Bd3 O-O 12. h3 Ng6 13. O-O Nf4 14. Qd2 N6h5 15. Rfe1 Qf6 16. Be4 Bf5 17.
Bxf5 Qxf5 18. Re3 Qg6 19. Ne1 d5 $2 20. c5 Qg5 21. Rd1 f5 22. b6 cxb6 23. cxb6
Bb8 24. Ba3 Rc8 25. Nc5 Qg6 26. Qb2 Rc6 27. Nd7 Bd6 28. Rb1 Rac8 29. Bxd6 Rxd6
30. Nc5 Qg5 $2 (30... Rcc6 $142) 31. Qb5 $1 $18 h6 32. Kh2 (32. Nxb7 $142 Rg6
33. Nd6 $3) 32... Rg6 {[%mdl 33089] [#]  Critical Position} 33. g3 $4 {Not
threatening the N (because of ....Qg1#), but blocking the attack on g2.} (33.
Qd7 $142 $1 Nxg2 (33... Rf8 34. Qxb7 Nxg2 $2 35. Qxd5+ $18 {and adding a
defender to g2.}) (33... Rd8 34. Qe7 $18 {forces off the Qs before mopping up
the black pawns.}) 34. Qxc8+ (34. Qxd5+ $18 {is simpler.}) 34... Kh7 35. Ne6
Rxe6 36. Qxe6 Nxe1 37. Rbxe1 Nf4 {threatening mate and the Q, but} 38. Rg1 $18
{and White easily wins the exchange up ending because of the b-pawns.}) (33.
Re8+ $142 {one of the main points of Qb5, but here I missed} Rxe8 34. Qxe8+ Kh7
35. Nd7 $1 $18 {I completely missed the N fork on f8.}) 33... Kh7 $2 {
Eliminates some of White's tactics, but not all.  FWIW, both sides were in
time trouble, but there are still an embarrassing number of "?"s here.} (33...
Nxh3 $8 $11 {I don't think I analyzed this at all. Based on her later moves,
Black saw it too late.} 34. Kxh3 $6 {shows Black's point} (34. Nf3 Qg4 $8 $11
35. Re8+ (35. Ne5 Nxf2 $8 36. Qd7 $1 $13 Qh3+ 37. Kg1 Rxg3+ 38. Rxg3 Qxg3+ 39.
Kf1 Qh3+ {and Black should be able to force a draw.}) 35... Kh7 $8 (35... Rxe8
$4 36. Qxe8+ Kh7 37. Ne5 $18 ({or} 37. Nd7 $18)) 36. Ne5 $8 Qxd4 $8 37. Rf1 (
37. Ncd3 Nxf2 38. Nxg6 $11 {with a crazy-looking mess the computer shows is
equal:} Ng4+ 39. Kh3 Rc2 $1 40. Nf8+ Kg8 41. Ng6+ Kh7 42. Nf8+ $11)) 34... Qg4+
$1 (34... f4 $2 35. Qd7 $8 $11) 35. Kg2 $8 (35. Kh2 $2 f4 $8 {with a winning
attack.}) 35... f4 $40 36. Rf3 $8) 34. Nf3 $1 {Now the Q has to run and so the
Nf4 is hanging.} Qd8 35. Ne5 (35. gxf4 {also wins.}) 35... Nxh3 $5 36. Nxg6 (
36. Kxh3 $142 {was both much simpler and objectively better.}) 36... Nxf2 {
[#] White is up a R but Black threatens both ...Ng4+ and ...Kxg6.} 37. Ne5 $4 {
Makes the N safe and stops the fork on g4, but allows Black into the game.} (
37. Rf1 $4 Ng4+ $19) (37. Re8 $2 Qxe8 38. Qxe8 Rxe8 39. Ne5 Re7 $13) (37. Rf3
$142 $18) (37. Kg2 $142 Ng4 38. Re6 $18) (37. Ne6 $142 Ng4+ 38. Kg1 Qd6 39. Qd7
$3 {that woud have been fun to play.} Qxd7 40. Nef8+ Kg8 41. Nxd7 Rd8 (41...
Nxe3 42. Ne7+ $18) 42. Re7 $18) 37... Qg5 $4 (37... f4 $8 $11 {Black is down a
R but gets it all back after} 38. gxf4 (38. Rg1 fxe3 39. Qb1+ $1 Kg8 40. Qf5
$13) (38. Qd7 $11 {bails out.}) 38... Qh4+ 39. Kg1 Nxf4 $13) 38. Qe2 $1 $18 f4
39. Qxf2 (39. gxf4 Qxf4+ (39... Qh4+ 40. Kg1 $8 $18) 40. Kg2 Qxd4 41. Qxh5 $1
Qxe3 42. Qf5+ $18 {and takes on c8 with check on this or the next move.}) 39...
fxe3 40. Qg2 Rf8 $2 41. Ne6 1-0

[Event "Canadian Zonal"]
[Site "Montreal"]
[Date "2017.06.28"]
[Round "3"]
[White "LeSiège, Alexandre"]
[Black "Noritsyn, Nikolay"]
[Result "0-1"]
[WhiteElo "2525"]
[BlackElo "2473"]
[Annotator "John Upper"]
[PlyCount "68"]
[EventDate "2017.06.27"]
[EventType "swiss"]
[EventRounds "9"]
[EventCountry "CAN"]
[SourceTitle "Chess Canada Tactiosauru"]
[Source "CFC/John Upper"]
[SourceDate "2023.03.11"]
[SourceVersion "1"]
[SourceVersionDate "2023.03.11"]
[SourceQuality "1"]

1. Nf3 e6 2. g3 d5 3. Bg2 b5 4. O-O Nf6 5. d3 Bb7 6. Nbd2 Be7 7. e4 c5 8. Re1
Nc6 9. exd5 Nxd5 10. a3 O-O 11. Ne4 Qb6 12. Bd2 c4 13. dxc4 bxc4 14. Rb1 Rad8
15. Qc1 e5 16. Nc3 Bc5 17. Ne4 Rfe8 18. Nxc5 Qxc5 19. b4 Qd6 20. b5 Nd4 21.
Nxd4 exd4 22. Ba5 Rc8 23. Qd2 Qxa3 24. Red1 d3 25. Ra1 {[%mdl 32769] [#]
Critical Position Complicated: choose between ...Qb2 and ...Qc5.} Qb2 $2 {
Making the Q safe and forking c2 and b5 is obviously a candidate move, but
it's not the best.} (25... Qc5 $1 {hitting f2 and so threatening ...Re2.} 26.
cxd3 c3 $8 27. Qc2 Qxb5 $15 (27... h5 $5 {to soften up White's kingside when
there can be tactics with ...Ne3.})) 26. cxd3 $2 (26. Bxd5 $8 $16 Re2 $1 {
leads to a forcing line where White's scattered pieces can somehow look out
for each other and stop Black's passers:} (26... Bxd5 $2 27. Bc3 $8 Qxb5 28.
Ra5 $1 Qc6 29. Qg5 $18 {threatening mate on g7 and the Bd5.}) 27. Bxb7 (27. Qg5
{leads to a whole course in tactics:} Qd4 $1 {forking f2 and d5.} 28. Bxf7+ {
Desperado.} Kxf7 29. Qh5+ $8 {Fork.} Kg8 30. Qxe2 {using the pin to the
undefended Qd4,} Qd5 $8 {in-between move, defending the Q with a mate threat}
31. f3 $8 dxe2 32. Rxd5 Bxd5 33. Kf2 $14 {White is nominally better in the R
and opposite B ending.}) 27... Rxd2 28. Bxd2 {looks nightmarish for White, but
there's no way to make those passers go:} dxc2 (28... Rb8 29. Bc6 Qxc2 30. Be3
c3 31. Be4 $1 Rd8 32. b6 $1 $18) 29. Bxc8 cxd1=Q+ 30. Rxd1 Qxb5 $16 (30... Qc2
31. Bg4 $18)) 26... c3 $8 27. Qxb2 (27. Bxc3 Qxc3 28. Qxc3 Nxc3 29. Bxb7 Nxd1 {
This woud be excellent for White, but the obvious} 30. Bxc8 {loses an exchange
to} Re1+ 31. Kg2 Ne3+ $19) 27... cxb2 28. Rab1 Rc2 {It's over: Black has a
protected passed pawn on the 2nd and his Rs have the only open files.} 29. Bf1
Rec8 $19 30. Bh3 R8c5 31. Re1 g6 32. Bd7 Nc3 33. Bxc3 R5xc3 34. Bc6 Rc1 $1 {
Bonus exclam for style.} 0-1

[Event "Canadian Zonal"]
[Site "Montreal"]
[Date "2017.06.28"]
[Round "4"]
[White "Oussedik, Elias"]
[Black "Hambleton, Aman"]
[Result "0-1"]
[WhiteElo "2163"]
[BlackElo "2471"]
[Annotator "John Upper"]
[PlyCount "68"]
[EventDate "2017.06.27"]
[EventType "swiss"]
[EventRounds "9"]
[EventCountry "CAN"]
[SourceTitle "Chess Canada Tactiosauru"]
[Source "CFC/John Upper"]
[SourceDate "2023.03.11"]
[SourceVersion "1"]
[SourceVersionDate "2023.03.11"]
[SourceQuality "1"]

{[%evp 0,68,22,19,39,-20,-10,-6,37,9,16,18,82,52,32,47,7,-24,-7,9,35,-12,-48,
-23,-10,-41,-15,-18,-21,-27,-25,-17,-17,-22,-25,-24,-36,-36,-15,-39,-52,-48,
-53,-58,-40,-41,-57,-47,-41,-41,-37,-40,-40,-37,37,-65,-65,-20,-20,-30,-26,-21,
-21,-1,-17,-172,-183,-445,-433,-444,-451]} 1. d4 e6 2. c4 Nf6 3. Nf3 b6 4. g3
Bb7 5. Bg2 g6 6. O-O Bg7 7. Re1 O-O 8. Ne5 Bxg2 9. Kxg2 d5 10. Qc2 c5 11. dxc5
bxc5 12. Nd2 Qb6 13. Ndf3 Nfd7 14. Nxd7 Nxd7 15. cxd5 exd5 16. Rd1 Qb7 17. Bf4
Rfe8 18. Rac1 Rac8 19. b3 h6 20. Qd3 g5 21. Bd2 d4 22. Kg1 Rc6 23. h3 Rce6 24.
Re1 Qd5 25. b4 cxb4 26. Bxb4 h5 27. Qc4 Qxc4 28. Rxc4 g4 29. hxg4 hxg4 {
[%mdl 32832] [#] Critical Position White has played cautiously but carefully
enough to reach an endgame with material equallity but where his pieces are a
little uncoordinated.  Can White now play Nxd4?} 30. Nxd4 $1 {Yes, but the
tactics are very tricky.} (30. Nh2 $2 Rxe2 31. Rxe2 Rxe2 32. Nxg4 d3 $17) 30...
Re4 $1 {Pinning the Nd4 to the R is the only move to pose any difficulties for
White.} 31. e3 $8 {Defending the N but weakening f3.} (31. Rd1 $2 Nb6 $1 $19
32. f3 $5 {the trickiest} gxf3 $8 33. exf3 Nxc4 34. fxe4 Rd8 $8 {Incredibly,
White can't escape the d-file pin for less than an exchange!} 35. Bc5 (35. Bc3
Na3 $1 {and N goes to c2 or b5.}) 35... Rd7 {defending a7 and threatening ...
Nb2-a4 to remove the B guarding the Nd4.} (35... Nb6 {also works by
threatening ...Na4 and ...Rd7.}) 36. Kf2 (36. Rc1 Bxd4+ {with check!} 37. Bxd4
Rxd4 {and the R defends the N.}) 36... Nb2 37. Rd2 Na4 38. Bxa7 Rxa7 $19) 31...
Ne5 {Hitting the R and setting up forks on f3 and d3.} 32. Rcc1 $4 (32. Rc7 $2
Nd3 $1 33. Rb1 Bxd4 $1 34. exd4 Rb8 35. a3 a5 36. Rd1 axb4 $8 37. Rxd3 Re1+ $1
{controlling the promotion rank with tempo} 38. Kg2 b3 $19) (32. Rc3 $2 Nf3+ $1
33. Nxf3 Rxb4 {and White is hanging on c3 and f3, and} 34. Nd4 {fails to
either capture on d4, exploiting the pin on the e-file.}) (32. Rc2 $8 Nd3 ({
The Bb4 defends e1, otherwise Black would win with} 32... Rxd4 $5 33. exd4 Nf3+
34. Kf1 Nxe1 35. Bxe1 Bxd4 $11) 33. Rb1 $8 Rb8 34. a3 $8 Bxd4 (34... a5 $2 35.
Nc6 $14) 35. exd4 a5 36. Rd1 $8 $11) 32... Nd3 {Wins a whole piece.} 33. Bc3
Nxe1 34. Bxe1 (34. Rxe1 Bxd4 35. Bxd4 Rxd4 $19 {is the same winning tactic as
the game.}) 34... Bxd4 0-1

[Event "Canadian Zonal"]
[Site "Montreal"]
[Date "2017.07.01"]
[Round "9"]
[White "Oussedik, Elias"]
[Black "Itkin, David"]
[Result "0-1"]
[WhiteElo "2163"]
[BlackElo "2181"]
[Annotator "John Upper"]
[PlyCount "76"]
[EventDate "2017.06.27"]
[EventType "swiss"]
[EventRounds "9"]
[EventCountry "CAN"]
[SourceTitle "Chess Canada Tactiosauru"]
[Source "CFC/John Upper"]
[SourceDate "2023.03.11"]
[SourceVersion "1"]
[SourceVersionDate "2023.03.11"]
[SourceQuality "1"]

1. d4 Nf6 2. c4 g6 3. Nc3 Bg7 4. e4 d6 5. h3 O-O 6. Bg5 c5 7. d5 e6 8. Nf3 exd5
9. cxd5 Re8 10. Bd3 c4 11. Bc2 b5 12. a3 Nbd7 13. O-O h6 14. Be3 Ne5 15. Nxe5
Rxe5 16. Re1 Re8 17. Bd4 a6 18. e5 dxe5 $11 19. Bxe5 Bb7 20. Qd4 {[#]} Rxe5 $3
$13 {Nice! Even without the center pawns, Benoni dark-square play is worth a
lot.} 21. Qxe5 Nxd5 22. Qg3 Nxc3 23. bxc3 Qd2 24. Rac1 Rc8 $1 {Preventing Qc7.
Not just a good move, but good judgment: Black played a positional exchange
sac, and his comp won't go away if he plays slowly.} 25. Bb1 Qb2 26. h4 h5 {
A reluctant Benoni has turned into a positionally and materially unbalanced
mess: Black is collecting on the queenside, but White has serious threats on
the kingside.} 27. Qg5 {Defending the Rc1 and preparing Re7.} (27. Bxg6 $1 fxg6
28. Qxg6 Rf8 $1 {threatening f2.} 29. Rc2 $8 Qxa3 $8 $13 {preventing Re7, with
an exciting mess. For instance, White's most obvious try} 30. Rce2 $2 {
actually loses to} Qc5 $1 {attacking f2 and going to f5 to save the K.} 31. Re7
Qxf2+ $8 32. Kh2 Qxh4+ {draws, or gains time on the increment.} 33. Kg1 Qf2+
34. Kh2 Qxg2+ $1 $19 {forcing off the Qs for a winning endgame.}) 27... Qxa3 $2
{[%mdl 32832] [#] Critical Position} (27... Rf8 $3 {indirectly guards against
Bxg6 since ...fxg6 will create a double attack on f2, and} 28. Re7 {loses to}
Bf6 $1 29. Qxf6 Qxc1+ 30. Kh2 Bxg2 $1) 28. Re7 $4 {Wins against every defence..
..} (28. Bxg6 $142 $8 fxg6 29. Re7 $18 Ba8 (29... Qd6 30. Rxb7 $18) (29... Bc6
30. Rce1 $8 Qxc3 31. Qxg6 $18) (29... Bh6 {doesn't work here because with the
f7 pawn gone} 30. Qxg6+ {is possible and winning.}) 30. Rce1 $18 (30. Rd1 $18))
{... except one:} 28... Bh6 $8 $19 {Not just the only move to win, but the
only move that doesn't lose. The Q can't protect both Rs.} (28... Bf6 $2 29.
Qxf6 Qxc1+ 30. Kh2 {If Black's B was on d5 or R on f8 this would be winning
for Black, but here f7 is insufficiently defended and it is +-.} Rf8 (30... Bd5
31. Bxg6 $1 $18) 31. Bxg6 $8 $18) 29. Qxh6 (29. Qg3 $4 {is much worse} Qxc1+
30. Kh2 Bf4 $19) (29. Qf6 $4 Qxc1+ 30. Kh2 Bf4+ $1 {and White has to give up
the Q to stop mate.}) 29... Qxe7 30. Kf1 Re8 {[#] Threatening ...Qxh4 winning
a pawn with mate on h1.} 31. Kg1 (31. g3 $2 {leads to a familiar pattern} Qe2+
32. Kg1 Qe1+ 33. Rxe1 Rxe1+ 34. Kh2 Rh1#) (31. Bxg6 fxg6 32. Qxg6+ Kf8 33. Qxh5
(33. Qh6+ Qg7 $19) 33... Qe4 $19 {there's no perpetual and Black's attack is
faster than White's kingside passers.}) 31... Qe6 {The price to sac on g6 just
went up.} (31... Qxh4 $4 32. Bxg6 fxg6 $8 33. Qxg6+ Kf8 34. Qh6+ $8 $11) 32.
Qf4 Qe5 33. Qh6 Qd5 34. f3 Re2 35. Kf1 (35. Bxg6 Rxg2+ $19) 35... Qd2 36. Qxd2
Rxd2 37. Bc2 Kf8 38. Ke1 Rxg2 0-1

[Event "CAN-op"]
[Site "Sault Ste Marie"]
[Date "2017.07.07"]
[Round "1"]
[White "Preotu, Razvan"]
[Black "Itkin, David"]
[Result "0-1"]
[WhiteElo "2633"]
[BlackElo "2357"]
[Annotator "John Upper"]
[PlyCount "78"]
[EventDate "2017.??.??"]
[EventType "swiss"]
[EventRounds "9"]
[EventCountry "CAN"]
[SourceTitle "Chess Canada Tactiosauru"]
[Source "CFC/John Upper"]
[SourceDate "2023.03.11"]
[SourceVersion "1"]
[SourceVersionDate "2023.03.11"]
[SourceQuality "1"]

{[%evp 0,78,22,22,71,68,69,69,77,45,45,39,71,65,36,68,38,-2,-15,-26,-20,-17,
-15,-2,-20,-24,-24,-24,-23,-27,-23,-23,-21,-24,-10,-3,-6,-34,-5,-13,-26,-9,-1,
-1,-24,-24,-7,-19,-12,-24,-23,-32,-39,-32,-31,-39,-33,-51,-27,-39,-17,-64,-42,
-42,-38,-42,-42,-63,-109,-236,-228,-222,-217,-225,-216,-217,-120,-790,-1133,
-29991,-1219]} 1. e4 c6 2. d4 d5 3. e5 Bf5 4. Nf3 e6 5. Be2 c5 6. Be3 cxd4 7.
Nxd4 Ne7 8. c4 Nbc6 9. Nc3 Nxd4 10. Bxd4 dxc4 11. Bxc4 Nc6 12. Bb5 Be7 $15 13.
O-O O-O 14. Bxc6 bxc6 15. f4 c5 16. Be3 Qb8 17. Qe2 c4 18. Rfe1 Rd8 19. Rad1
Qb4 20. Rxd8+ Bxd8 21. Rd1 Bd3 22. Qf3 Rc8 23. Rd2 Qb8 24. Qd1 Ba5 25. Qa4 Bb6
26. Bf2 Bxf2+ 27. Rxf2 Qb6 28. Qd7 Rf8 29. g3 Rd8 30. Qe7 Bf5 $19 31. Kg2 Qc6+
32. Kg1 Qb6 33. Kg2 h6 34. h3 Rd3 35. Re2 Qc6+ 36. Kh2 Qf3 37. Rg2 {[%mdl
32832] [#]Critical Position Black's pieces surround White's K, all he needs is
a move that makes the house of cards collapse.} Kh7 $3 {Not the only winning
move, but the one that gets to the heart of the position: spending a tempo 
(and seemingly giving up a pawn) to prevent a back-rank check deprives White
of his only defences!} (37... Bxh3 $2 {doesn't win when the White Q can get
back to h4:} 38. Kxh3 g5 $1 (38... Qh5+ $4 39. Qh4 $18 {a variation which
shows why the white Q has to be able to move to h4.}) 39. Kh2 Qh5+ 40. Kg1 Rd1+
{Black can and should force a perpetual.}) (37... Rxc3 $2 {doesn't work where
there's a back rank check:} 38. bxc3 Be4 39. Qd8+ Kh7 40. Qd2 Qf1 $14 {
Exchanges on g2 leave White's K in charge in a winning KP ending. This
variation shows that the white Q has to be able to get back to defend g2/h1.
Seeing that the white Q has two jobs explains why ...Kh7 is such a good move.})
38. g4 (38. Qxa7 Bxh3 $1 $19) (38. Qxf7 {(or a3, or some other "pass" move)}
Rxc3 39. bxc3 Be4 $19 {and there's no stopping mate on g2 or h1.}) 38... Qxf4+
39. Kg1 Be4 {The big upset of round 1 at the 2017 Canadian Open.} 0-1

[Event "2017 CYCC - U18"]
[Site "Sault Ste. Marie"]
[Date "2017.07.08"]
[Round "5"]
[White "Petersen, Caleb"]
[Black "Doknjas, John"]
[Result "0-1"]
[WhiteElo "2281"]
[BlackElo "2107"]
[Annotator "John Doknjas"]
[PlyCount "78"]
[EventDate "2016.07.11"]
[EventType "swiss"]
[EventRounds "7"]
[EventCountry "CAN"]
[SourceTitle "Chess Canada Tactiosauru"]
[Source "CFC/John Upper"]
[SourceDate "2023.03.11"]
[SourceVersion "1"]
[SourceVersionDate "2023.03.11"]
[SourceQuality "1"]

1. d4 Nf6 2. c4 c5 3. d5 e6 4. Nc3 exd5 5. cxd5 d6 6. e4 g6 7. Nge2 Bg7 8. Ng3
O-O 9. Be2 Re8 10. h4 h5 11. Bg5 Nbd7 12. O-O a6 13. a4 Qc7 14. Qd2 c4 15. Bh6
Bh8 16. Rae1 Ne5 17. Be3 Nfg4 18. Bd4 Qe7 19. Bxg4 Nxg4 20. f3 Ne5 21. f4 Ng4
22. Bxh8 Qxh4 23. Rf3 Qh2+ 24. Kf1 Kxh8 25. Qd4+ Kg8 26. Qxc4 h4 27. Nge2 {
[%mdl 32832] [#] Critical Position} h3 $3 {A startling move! I found this idea
by seeing two tactical themes, and then just needing a way to use them
together. The two tactical ideas are:  1) ...Ne3+, forking the King and Queen.
If only Rf3 wasn't there...  2) The second idea is shown in the following
variation, where I can win the exchnage but my Queen gets trapped:} (27... Qh1+
$2 28. Ng1 Nh2+ 29. Kf2 Nxf3 30. Nxf3 {I have won the exchange, but my Queen
is trapped.}) 28. gxh3 (28. Rxh3 $2 {Now the first tactical idea comes into
play:} Qxh3 $1 29. gxh3 Ne3+ 30. Kf2 Nxc4 $19 {White is down a Rook for a pawn.
}) 28... Qh1+ ({editor - Black's move is both winning and human, but the
computer finds an even stronger, though way more complex, way to win:} 28...
Nf2 $3 29. Rc1 (29. Rxf2 $2 Bxh3+ {mates.}) 29... Bxh3+ 30. Ke1 Nxe4 $1 31.
Nxe4 Qh1+ 32. Kf2 (32. Kd2 Qxf3 33. Nf6+ Kf8 34. Nxe8 Rxe8 35. Rc3 $19 {
Black is up only a pawn, but computers rate it as +5.}) 32... Qg2+ 33. Ke3 Rac8
$1 (33... Bf5 $19) 34. Qd3 Rxc1 35. Nxc1 Bf5 $19 {Pro Tip: if your opponent
plays like this, ask the TD to bring a metal detector.}) 29. Ng1 Nh2+ 30. Kf2 {
Obviously better than 30.Ke2:} (30. Ke2 Nxf3 31. Nxf3 Qg2+ $19) 30... Nxf3 31.
Nxf3 Qxh3 {[#] The point of playing 27...h3 - the Queen is able to escape.} 32.
Rg1 {A good move, trying to get counterplay against the Black King.} ({editor -
} 32. f5 $1 {is better, with the same idea as Rg1, but forcing Black to find
some only moves to keep the advantage:} Bxf5 $8 (32... gxf5 $2 33. Rg1+ Kf8 34.
e5 $1 Qh6 $8 $13) 33. exf5 Rxe1 $8 34. Nxe1 Qxf5+ {and White might be able to
trick his way out of it.}) 32... Bg4 {Not relinquishing my attack. It would
have been a mistake to release my pressure and just be content with the extra
exchange - White still has dangerous attacking ideas.} 33. Rg3 Qh5 {The Queen
is safe on this square, and it prepares to invade White's camp after the
f3-Knight is captured.} 34. Qc7 $2 {Going for counterplay, but this move
allows Black to end things quickly.} (34. Qf1 {Defending the White King, and
preparing to start counterplay on the Kingside against Black's King.}) 34...
Bxf3 35. Rxf3 Qh2+ {b2 will fall, and White's King lacks a proper defence.} 36.
Ke3 Qxb2 37. Rf2 Qb4 {Threatening 38. ..Rac8. If White's Knight moves from c3,
then e4 drops and it is over.} 38. Ne2 Qxe4+ 39. Kd2 Rac8 0-1